000 00375 a2200169 4500
001 191953
020 _a978-85-16-09687-8
040 _cMagnum
100 _aCarrasco, Walcyr
240 1 0 _aO jacaré com dor de dente
_lpor
245 1 0 _aO jacaré com dor de dente
300 _a29
362 0 _a2015
440 1 _aModerna
697 _aLITERATURA INFANTO
942 _cBK
999 _c191953
_d191953